000 00794nam a22001937a 4500
999 _c159123
_d159123
005 20181204135357.0
010 _aB-713022
020 _a9789313164197
_c350.00
035 _aB-713022
037 _bL/RP/RK Books
082 _a000
100 _aJain Nitesh
245 _aSolved Papers2018-2000 GATE
_bComputer Science & Information Technology
_cNitesh Jain
260 _aMeerut (UP)
_bArihant Publications(India) Ltd.
_c2018
270 _aKalindi,TP Nagar, Meerut
_b(UP)
_e250002
_k0121-2401479,2512970
_l0121-2401648
_minfo@arihantbooks.com
300 _a320p
_c26cm(pbk)
942 _2ddc
_cEN
_h000
_mJAI